000 00568nam a2200229Ia 4500
003 OSt
005 20230529161010.0
008 210423s2002 xx 000 0 und d
020 _a8171006887
040 _cAL
041 _aeng
082 _a340
_223
_bDESU
100 _aDESHTA (Kiran)
_9116059
245 _aUniform civil code
260 _aNew Delhi
_bDeep and deep publication
_c2002
300 _axiv213
_bPB
365 _b220
_cINR
650 _aLaw
_9116060
650 _aSocial Sciences
_9116061
906 _acivil ; code ; Uniform
942 _2ddc
_cBK
999 _c175420
_d175420